[Event "URS-ch otbor"]
[Site "Minsk"]
[Date "1986.??.??"]
[Round "?"]
[White "Yermolinsky, Alex"]
[Black "Kozlov, Vladimir N"]
[Result "1/2-1/2"]
[WhiteElo "2445"]
[BlackElo "2400"]

1.Nf3 Nf6 2.c4 g6 3.Nc3 d5 4.cxd5 Nxd5 5.g3 Bg7 6.Bg2 O-O 7.O-O e5 8.Nxd5 Qxd5
9.d3 Nc6 10.Qc2 Qd6 11.Be3 Nd4 12.Nxd4 exd4 13.Bf4 Be5 14.Bxe5 Qxe5 15.Bf3 c6
16.Rfc1 a5 17.Qc5 Qxc5 18.Rxc5 Be6 19.a3 Ra6 20.Rd1 a4 21.Kg2 Rfa8 22.g4 Ra5
23.Rdc1 Kf8 24.e3 dxe3 25.fxe3 Rxc5 26.Rxc5 Ra6 27.Kf2 Rb6 28.Rc2 g5 29.Rd2 Ke7
30.Bd1 Bb3 31.Ke2 f6  1/2-1/2

[Event "URS-ch otbor"]
[Site "Minsk"]
[Date "1986.??.??"]
[Round "?"]
[White "Grigorian, Karen Ashotovich"]
[Black "Yermolinsky, Alex"]
[Result "0-1"]
[WhiteElo "2405"]
[BlackElo "2445"]

1.d4 Nf6 2.c4 g6 3.Nc3 Bg7 4.e4 d6 5.f3 O-O 6.Be3 c5 7.dxc5 dxc5 8.Qxd8 Rxd8
9.Bxc5 Nc6 10.Ba3 Nd7 11.O-O-O b6 12.Nd5 e6 13.Ne7+ Nxe7 14.Bxe7 Re8 15.Ba3 f5
16.exf5 exf5 17.Ne2 Nc5 18.Nd4 Bb7 19.Bxc5 bxc5 20.Nb5 Rad8 21.Rxd8 Rxd8
22.Kc2 Be5 23.Be2 Kg7 24.Nc3 h5 25.Bd3 Bc6 26.Re1 Kf6 27.h3 Rb8 28.b3 Rd8
29.a3 a5 30.Rb1 Bd6 31.Nb5 Bf4 32.Nc3 Bd6 33.Nd5+ Kg5 34.Re1 Re8 35.Rf1 Kh4
36.g4 fxg4 37.fxg4 hxg4 38.hxg4 Re6 39.Nf4 Bxf4 40.Rxf4 Kg3 41.Rf7 Kxg4 42.Ra7 g5
43.Rxa5 Re5 44.Ra6 Bf3 45.Rf6 Kg3 46.b4 g4 47.b5 Kf2 48.b6 Re8 49.Bf5 g3
50.Bg4 Re2+ 51.Kc1 Re1+ 52.Kd2 Re2+ 53.Kd3 Re3+ 54.Kc2 g2 55.Bxf3 g1=Q 56.b7 Qe1  0-1

[Event "URS-ch otbor"]
[Site "Minsk"]
[Date "1986.??.??"]
[Round "?"]
[White "Dautov, Rustem"]
[Black "Yermolinsky, Alex"]
[Result "0-1"]
[WhiteElo "2350"]
[BlackElo "2445"]

1.Nf3 Nf6 2.c4 g6 3.Nc3 Bg7 4.g3 O-O 5.Bg2 d5 6.cxd5 Nxd5 7.O-O Nb6 8.d3 Nc6
9.Be3 h6 10.a4 a5 11.Bxb6 cxb6 12.Nd2 Be6 13.Rc1 h5 14.Nf3 Bh6 15.e3 Nb4
16.d4 Bc4 17.Ne2 Ba6 18.Ne5 Bg7 19.f4 Rc8 20.Qd2 Bxe5 21.fxe5 Qd7 22.b3 Qe6
23.Rxc8 Rxc8 24.Rc1 Bxe2 25.Rxc8+ Qxc8 26.Qxe2 Qc3 27.Qf3 e6 28.Bf1 Nc2 29.d5 Qxe5
30.e4 Nd4 31.Qf2 exd5 32.exd5 Qxd5 33.Bc4 Nf3+ 34.Kg2 Nh4+ 35.Kg1 Qd1+ 36.Bf1 Nf3+
37.Kg2 Ne5 38.Qxb6 Ng4 39.Kg1 Qd2 40.Bc4 Kg7 41.h3 Qe1+ 42.Kg2 Ne3+ 43.Kf3 Nxc4
44.bxc4 Qf1+  0-1

[Event "URS-ch otbor"]
[Site "Minsk"]
[Date "1986.??.??"]
[Round "?"]
[White "Yermolinsky, Alex"]
[Black "Kholmov, Ratmir D"]
[Result "1/2-1/2"]
[WhiteElo "2445"]
[BlackElo "2440"]

1.Nf3 Nf6 2.c4 e6 3.Nc3 Bb4 4.Qc2 O-O 5.a3 Bxc3 6.Qxc3 b6 7.g3 Bb7 8.Bg2 d5
9.cxd5 exd5 10.O-O Re8 11.Re1 c5 12.d4 Ne4 13.Qc2 Nc6 14.Be3 c4 15.Rad1 b5
16.Nd2 Nxd2 17.Qxd2 f5 18.Bf4 Qd7 19.f3 h6 20.Bh3 Rad8 21.Qc2 Bc8 22.a4 a6
23.b3 Qf7 24.axb5 axb5 25.Qa2 Qf6 26.Bc7 Rd7 27.Bb6 Rde7 28.Bc5 Re3 29.bxc4 bxc4
30.f4 Be6 31.Bd6 Bd7 32.Be5 Nxe5 33.dxe5 Qb6 34.Kh1 Be6 35.Rb1 Rb3 36.Rxb3 Qxb3
37.Qa6 Qe3 38.Qc6 Kf7 39.Ra1 Qxe2 40.Bg2 Qd2 41.g4 Qd4 42.Rb1 Qd3 43.Ra1 Qd4
44.Rb1  1/2-1/2

[Event "Novosibirsk tt"]
[Site "Novosibirsk"]
[Date "1986.??.??"]
[Round "?"]
[White "Yermolinsky, Alex"]
[Black "Tukmakov, Vladimir B"]
[Result "1-0"]
[WhiteElo "2445"]
[BlackElo "2570"]

1.d4 Nf6 2.Nf3 d5 3.c4 c6 4.Nc3 dxc4 5.e4 b5 6.e5 Nd5 7.a4 Bf5 8.axb5 Nxc3
9.bxc3 cxb5 10.Ng5 Qd5 11.Be2 Nc6 12.Bf3 Qd7 13.O-O Rc8 14.Re1 e6 15.d5 exd5
16.e6 fxe6 17.Qxd5 Qxd5 18.Bxd5 Kd7 19.Nxe6 g6 20.Bxc6+ Kxc6 21.Rxa7 Bxe6
22.Rxe6+ Kd5 23.Rea6 Bc5 24.Rd7+ Ke5 25.Be3 Bxe3 26.fxe3 Rhd8 27.Re7+ Kf5
28.Kf2 Ra8 29.Rb6 Rab8 30.Rbe6 Rd3 31.Kf3 Kg5 32.Rxh7 Rf8+ 33.Ke4 Rg8 34.Re5+ Kf6
35.Rhe7 Rh8 36.g4 Rh4 37.Kf4 g5+ 38.Kg3 Rd6 39.Re8 Rd2 40.R8e7 Rd6 41.Re8 Rd2
42.Rf5+ Kg6 43.Rg8+ Kh7 44.Rfxg5  1-0

[Event "Agzamov mem"]
[Site "Tashkent"]
[Date "1986.??.??"]
[Round "3"]
[White "Pigusov, Evgeny"]
[Black "Yermolinsky, Alex"]
[Result "1/2-1/2"]
[WhiteElo "2495"]
[BlackElo "2445"]

1.Nf3 Nf6 2.c4 g6 3.g3 c5 4.Bg2 Bg7 5.O-O O-O 6.d4 cxd4 7.Nxd4 Nc6 8.Nc3 Ng4
9.e3 d6 10.b3 Nxd4 11.exd4 Nh6 12.Bb2 Nf5 13.Ne2 Rb8 14.Qc2 b6 15.Rfe1 e6
16.Rad1 Qc7 17.d5 Bxb2 18.Qxb2 e5 19.Nc3 Nd4 20.Nb5 Nxb5 21.cxb5 Bd7 22.Rc1 Qd8
23.Rc6 Bxc6 24.dxc6 Qc7  1/2-1/2

[Event "Agzamov mem"]
[Site "Tashkent"]
[Date "1986.??.??"]
[Round "6"]
[White "Yermolinsky, Alex"]
[Black "Yurtaev, Leonid"]
[Result "1/2-1/2"]
[WhiteElo "2445"]
[BlackElo "2455"]

1.Nf3 Nf6 2.d4 g6 3.Bg5 Bg7 4.Nbd2 O-O 5.c3 d6 6.e4 c5 7.dxc5 dxc5 8.Be2 Nc6
9.O-O Qc7 10.Qc2 h6 11.Be3 b6 12.h3 Nh5 13.Rfe1 Nf4 14.Bf1 Be6 15.Nc4 Rad8
16.a4 g5 17.Rad1 Rxd1 18.Rxd1 f5 19.Nh2 Kh8 20.Bxf4 Qxf4 21.g3 Qxe4 22.Bd3 Qd5
23.Bf1 Qe4  1/2-1/2

[Event "Pavlodar"]
[Site "Pavlodar"]
[Date "1987.??.??"]
[Round "?"]
[White "Nenashev, Alexander"]
[Black "Yermolinsky, Alex"]
[Result "1/2-1/2"]
[WhiteElo "2415"]
[BlackElo "2445"]

1.d4 Nf6 2.c4 g6 3.Nc3 Bg7 4.e4 d6 5.Bd3 Nc6 6.Nge2 e5 7.d5 Nd4 8.Nxd4 exd4
9.Ne2 O-O 10.O-O Re8 11.f3 c5 12.Bg5 Qc7 13.Qd2 Nd7 14.f4 b5 15.b3 bxc4 16.bxc4 Rb8
17.Ng3 Rb4 18.e5 dxe5 19.f5 Qb6 20.Ne4 f6 21.d6 Rb2 22.Qc1 Bb7 23.fxg6 hxg6
24.Bxf6 Nxf6 25.Rxf6 Bxf6 26.Qh6 Rf8 27.Qxg6+ Bg7 28.Qe6+  1/2-1/2

[Event "Pavlodar"]
[Site "Pavlodar"]
[Date "1987.??.??"]
[Round "?"]
[White "Kharitonov, Andrei Y"]
[Black "Yermolinsky, Alex"]
[Result "1/2-1/2"]
[WhiteElo "2450"]
[BlackElo "2445"]

1.d4 Nf6 2.c4 g6 3.Nf3 Bg7 4.g3 O-O 5.Bg2 d5 6.cxd5 Nxd5 7.O-O Nb6 8.Nc3 Nc6
9.e3 Re8 10.d5 Ne5 11.Nd4 Bd7 12.e4 c6 13.Re1 Qc8 14.dxc6 Nxc6 15.Nxc6 Bxc6
16.Qb3 Bd7 17.Bf4 Be6 18.Qc2 Bh3 19.Bf3 Bg4 20.Bg2 Bh3 21.Bf3 Bg4 22.Bg2 Bh3  1/2-1/2

[Event "Pavlodar"]
[Site "Pavlodar"]
[Date "1987.??.??"]
[Round "?"]
[White "Gorelov, Sergey G"]
[Black "Yermolinsky, Alex"]
[Result "1/2-1/2"]
[WhiteElo "2430"]
[BlackElo "2445"]

1.d4 Nf6 2.c4 g6 3.Nc3 Bg7 4.e4 d6 5.f4 O-O 6.Nf3 a6 7.a4 Bg4 8.Be2 Nc6 9.d5 Nb8
10.Ng5 Bxe2 11.Qxe2 h6 12.Nf3 e6 13.dxe6 fxe6 14.e5 dxe5 15.Nxe5 Qe8 16.O-O Nc6
17.Nxc6 Qxc6 18.Be3 Ne4 19.Nxe4 Qxe4 20.Rae1 Rad8 21.Bc1 Qxe2 22.Rxe2 Kf7
23.g3 h5 24.Kg2 Rd4 25.b3 Rd3 26.Rf3 Rfd8 27.Ref2 Rxf3 28.Rxf3 Rd1 29.Rf1 Rd3
30.Rf3 Rd1  1/2-1/2

[Event "URS-FL"]
[Site "Sverdlovsk"]
[Date "1987.??.??"]
[Round "?"]
[White "Psakhis, Lev"]
[Black "Yermolinsky, Alex"]
[Result "1/2-1/2"]
[WhiteElo "2575"]
[BlackElo "2445"]

1.e4 c5 2.Nf3 d6 3.d4 cxd4 4.Nxd4 Nf6 5.Nc3 Nc6 6.Be2 e5 7.Nf3 Be7 8.Bg5 O-O
9.O-O h6 10.Bxf6 Bxf6 11.Nd5 Bg5 12.c3 Be6 13.Nxg5 Qxg5 14.Qd3 Rad8 15.Rad1 Ne7
16.Nxe7+ Qxe7 17.c4 Qc7 18.b3 b6 19.Qe3  1/2-1/2

[Event "URS-FL"]
[Site "Sverdlovsk"]
[Date "1987.??.??"]
[Round "?"]
[White "Rashkovsky, Nukhim N"]
[Black "Yermolinsky, Alex"]
[Result "1/2-1/2"]
[WhiteElo "2495"]
[BlackElo "2445"]

1.Nf3 c5 2.c4 Nf6 3.d4 cxd4 4.Nxd4 e5 5.Nb5 d5 6.cxd5 Bc5 7.N5c3 O-O 8.e3 e4
9.a3 a5 10.Be2 Qe7 11.Na4 Rd8 12.Nbc3 Be6 13.Nxc5 Qxc5 14.Bd2 Bxd5 15.Nxd5 Nxd5
16.Rc1 Qb6 17.Qc2 Nc6 18.O-O Rac8 19.Rfd1 Nd4 20.Qxc8 Nxe2+ 21.Kh1 Nxc1 22.Rxc1 h6
23.Qc2 a4 24.h3 Qb5 25.Kg1 f5 26.Be1 Qd3 27.Qxa4 Nxe3 28.Bc3 Nd1 29.Qb3+ Qd5
30.Qxd5+ Rxd5 31.Kf1 b5 32.Ke2 Nxc3+ 33.Rxc3  1/2-1/2

[Event "URS-FL"]
[Site "Sverdlovsk"]
[Date "1987.??.??"]
[Round "?"]
[White "Timoshchenko, Gennadi A"]
[Black "Yermolinsky, Alex"]
[Result "1/2-1/2"]
[WhiteElo "2490"]
[BlackElo "2445"]

1.d4 Nf6 2.c4 g6 3.Nf3 Bg7 4.Nc3 d5 5.Qb3 dxc4 6.Qxc4 O-O 7.e4 a6 8.Qb3 c5
9.dxc5 Qa5 10.Qb6 Qxb6 11.cxb6 Nbd7 12.Be2 Nxb6 13.Be3 Nbd7 14.h3 b5 15.e5 Ne8
16.Bg5 f6 17.exf6 Nexf6 18.O-O  1/2-1/2

[Event "URS-FL"]
[Site "Sverdlovsk"]
[Date "1987.??.??"]
[Round "?"]
[White "Yermolinsky, Alex"]
[Black "Tseshkovsky, Vitaly"]
[Result "1/2-1/2"]
[WhiteElo "2445"]
[BlackElo "2485"]

1.Nf3 d5 2.d4 c6 3.c4 e6 4.Nbd2 f5 5.g3 Nf6 6.Bg2 Bd6 7.Ne5 Nbd7 8.Nd3 O-O
9.O-O Qe7 10.Qc2 Re8 11.Nf3 b6 12.Bf4 Bb7 13.Bxd6 Qxd6 14.Nfe5 Qe7 15.Rac1 Nxe5
16.Nxe5 Nd7 17.Nxd7 Qxd7 18.Qa4 Qd6 19.e3 a5 20.Rfd1 Rec8 21.Rc3 Ba6 22.cxd5 cxd5
23.Rdc1 Rxc3 24.Rxc3 Bb7 25.Bf1 Kf8 26.Qc2 Qd8 27.Bb5 Rc8 28.h4 Kf7 29.Kg2 Rxc3
30.Qxc3 Qc8 31.Kf3 Qxc3 32.bxc3 Kf6 33.Kf4 g6 34.g4 fxg4 35.Kxg4 h6 36.f4 Bc8
37.Kg3 Bb7 38.a3 Bc8 39.c4 dxc4 40.Bxc4 Bd7 41.e4 b5  1/2-1/2

[Event "URS-FL"]
[Site "Sverdlovsk"]
[Date "1987.??.??"]
[Round "?"]
[White "Yermolinsky, Alex"]
[Black "Tukmakov, Vladimir B"]
[Result "1/2-1/2"]
[WhiteElo "2445"]
[BlackElo "2580"]

1.e4 c6 2.d3 d5 3.Nd2 g6 4.g3 e5 5.Bg2 Bg7 6.Ngf3 Ne7 7.O-O O-O 8.b4 a5 9.bxa5 Qxa5
10.Bb2 d4 11.a4 Qc7 12.c3 dxc3 13.Bxc3 c5 14.Nc4 Nec6 15.Qb3 Na6 16.Nb6 Ra7
17.Nxc8 Qxc8 18.Qb5 Rd8 19.Rfe1 Rd6 20.Bf1 Qd8 21.Rec1 Nab4 22.Qxc5 Nxd3
23.Bxd3 Rxd3 24.Kg2 Ra8 25.Qb5 Rd7 26.Rab1 Nd4 27.Bxd4 exd4 28.Rc5 d3 29.Rd5 Rxd5
30.exd5 Ra5 31.Qxd3 Rxd5 32.Qe4 Qd7 33.Qb4 b6 34.Qxb6 Qxa4 35.Qc7 Qd7 36.Rb8+ Bf8
37.Qc3 Rd3 38.Qb4  1/2-1/2

[Event "Tashkent"]
[Site "Tashkent"]
[Date "1987.??.??"]
[Round "?"]
[White "Ziatdinov, Raset"]
[Black "Yermolinsky, Alex"]
[Result "0-1"]
[WhiteElo "2365"]
[BlackElo "2445"]

1.e4 c5 2.Nf3 d6 3.d4 cxd4 4.Nxd4 Nf6 5.Nc3 Nc6 6.Bg5 e6 7.Qd2 a6 8.O-O-O h6
9.Be3 Nxd4 10.Bxd4 b5 11.f4 Be7 12.Be2 b4 13.Na4 Nxe4 14.Qe3 Nf6 15.Nb6 Rb8
16.g4 Bb7 17.Rhg1 Qc7 18.g5 hxg5 19.fxg5 Nd5 20.Nxd5 Bxd5 21.Bxg7 Rxh2 22.g6 fxg6
23.Rd2 Qa5 24.Bb5+ Rxb5 25.Rxh2 Qxa2 26.Qa7 Bb7 27.Rh8+ Kd7  0-1

[Event "Tashkent Hodzhaev"]
[Site "Tashkent"]
[Date "1987.??.??"]
[Round "?"]
[White "Huzman, Alexander"]
[Black "Yermolinsky, Alex"]
[Result "1/2-1/2"]
[WhiteElo "2435"]
[BlackElo "2425"]

1.e4 e5 2.f4 Nf6 3.fxe5 Nxe4 4.Nf3 Ng5 5.d4 Nxf3+ 6.Qxf3 Qh4+ 7.Qf2 Qxf2+
8.Kxf2 d6 9.exd6 Bxd6 10.Nd2 Bf5 11.c3 c6 12.Kf3 Nd7 13.Ne4 Bc7 14.Bd3 Bg6
15.Bf4 O-O-O 16.Rad1 Bh5+ 17.g4 Bxg4+ 18.Kxg4 f5+ 19.Kg3 fxe4 20.Bxc7 Kxc7
21.Bxe4 Nf6 22.Bf3 Rhe8 23.Rhe1 Rxe1 24.Rxe1 Re8 25.Rxe8 Nxe8 26.Kf4 Kd6
27.Be4 Nf6 28.Bd3  1/2-1/2

[Event "Tashkent"]
[Site "Tashkent"]
[Date "1987.??.??"]
[Round "?"]
[White "Yermolinsky, Alex"]
[Black "Timoshchenko, Gennadi A"]
[Result "0-1"]
[WhiteElo "2445"]
[BlackElo "2495"]

1.e4 e5 2.Nf3 Nc6 3.c3 Nf6 4.d4 Nxe4 5.d5 Ne7 6.Nxe5 Ng6 7.Nc4 Bc5 8.Be3 d6
9.Nxd6+ Qxd6 10.Qa4+ Kd8 11.Qxe4 Re8 12.Qd3 Ne5 13.Qxh7 Bxe3 14.fxe3 Qb6
15.Nd2 Qxe3+ 16.Kd1 Bg4+ 17.Kc2 Qg5 18.Bd3 Nxd3 19.Rhf1 Ne1+ 20.Raxe1 Rxe1
21.Qg8+ Re8 22.Qxf7  0-1

[Event "Tashkent"]
[Site "Tashkent"]
[Date "1987.??.??"]
[Round "?"]
[White "Yermolinsky, Alex"]
[Black "Rashkovsky, Nukhim N"]
[Result "0-1"]
[WhiteElo "2445"]
[BlackElo "2470"]

1.Nf3 Nf6 2.g3 b5 3.Bg2 Bb7 4.O-O c5 5.d3 d6 6.e4 Nbd7 7.Re1 e6 8.a4 b4 9.Nbd2 Be7
10.a5 O-O 11.c3 Ne5 12.Nxe5 dxe5 13.Nc4 Nd7 14.a6 Bc6 15.Na5 Rc8 16.d4 cxd4
17.cxd4 exd4 18.Nxc6 Rxc6 19.e5 Rc4 20.b3 Rc3 21.Qxd4 Bc5 22.Qg4 Qb6 23.Ra2 Nxe5
24.Rxe5 Rxc1+ 25.Bf1 Bd4 26.Ree2 Rfc8 27.Kg2 g6 28.Qe4 Qc5 29.Red2 e5 30.Bc4 Kg7
31.Rdc2 Rxc2 32.Rxc2 Bc3 33.Re2 Rc6 34.Ra2 f5 35.Qh4 Rf6 36.Rc2 Qc6+ 37.Kg1 Qd6
38.Be2 e4 39.Qg5 Qd5 40.Qe3 Rf7 41.Bc4 Qd1+ 42.Kg2 Rd7 43.Ra2 h5 44.Ra5 Bd4
45.Qe2 Bb6 46.Rb5 Qd4 47.h4 Rd6 48.Kf1 Qa1+ 49.Kg2 Rd1  0-1

[Event "Tashkent"]
[Site "Tashkent"]
[Date "1987.??.??"]
[Round "?"]
[White "Yermolinsky, Alex"]
[Black "Nenashev, Alexander"]
[Result "1-0"]
[WhiteElo "2445"]
[BlackElo "2415"]

1.d4 Nf6 2.Nf3 d5 3.c4 e6 4.Nc3 Nbd7 5.cxd5 exd5 6.Bf4 c6 7.h3 Nb6 8.Ne5 Ne4
9.e3 Bb4 10.Rc1 Bf5 11.Bd3 Qe7 12.O-O f6 13.Nf3 Bxc3 14.bxc3 g5 15.Bh2 h5
16.a4 Qa3 17.Nd2 Nxf2 18.Rxf2 Bxd3 19.Rxf6 Qe7 20.Rf2 O-O-O 21.a5 Nc4 22.Nxc4 dxc4
23.Qf3 h4 24.a6 Rh6 25.axb7+ Kxb7 26.Ra1 Ka8 27.Be5 Qd7 28.Rfa2 Rg6 29.e4 g4
30.Rxa7+  1-0

[Event "Tashkent"]
[Site "Tashkent"]
[Date "1987.??.??"]
[Round "?"]
[White "Yermolinsky, Alex"]
[Black "Naumkin, Igor"]
[Result "1-0"]
[WhiteElo "2445"]
[BlackElo "2470"]

1.d4 Nf6 2.Nf3 e6 3.Bg5 c5 4.e3 d5 5.Nbd2 Nc6 6.c3 Qb6 7.Bxf6 gxf6 8.Rb1 e5
9.e4 cxd4 10.exd5 Ne7 11.cxd4 Nxd5 12.Bc4 Be6 13.Rc1 exd4 14.O-O Bh6 15.Bxd5 Bxd5
16.Nc4 Qd8 17.Rc2 b5 18.Re1+ Kf8 19.Ncd2 Qd7 20.Ne4 Bxe4 21.Rxe4 d3 22.Rc3 d2
23.Rd4 Qe6 24.Nxd2 Qxa2 25.Ne4 Re8 26.Rd8 Qe6 27.Rxe8+ Kxe8 28.Nd6+ Kf8 29.g3 Kg7
30.Qd3 Qe1+ 31.Kg2 Qd2 32.Nf5+ Kg6 33.Qe4 Qxb2 34.Rc5 Bg5 35.h4 h6 36.Nd4+ Kg7
37.Ne6+  1-0

[Event "Tashkent"]
[Site "Tashkent"]
[Date "1987.??.??"]
[Round "?"]
[White "Yermolinsky, Alex"]
[Black "Kuzmin, Alexey"]
[Result "1/2-1/2"]
[WhiteElo "2445"]
[BlackElo "2415"]

1.d4 Nf6 2.c4 g6 3.Nc3 Bg7 4.e4 d6 5.Nf3 O-O 6.h3 e5 7.d5 Na6 8.Bg5 c6 9.Nd2 Bd7
10.Be2 Qb8 11.O-O cxd5 12.exd5 h6 13.Be3 Nh7 14.Nb3 b6 15.f4 f5 16.Qd2 g5
17.fxg5 f4 18.gxh6 Bxh6 19.Bf2 Kh8 20.Ne4 Rg8 21.Qc3 Rg6 22.Bh5 Rg7 23.Kh1 Bf5
24.Bf3 Ng5 25.Nbd2 Qc7 26.Bh4 Rf8 27.b4 Qd7 28.Rf2 Nc7 29.Bxg5 Bxg5 30.Nxg5 Rxg5
31.Re1 Rg3 32.Ne4 Bxe4 33.Rxe4 Ne8 34.c5 Nf6 35.Re1 Nxd5 36.Qd2 Ne3 37.Qxd6 Qxd6
38.cxd6 Rd8 39.Rd2 Rg7 40.Bg4 e4 41.Rf2 Rxd6 42.Rxf4 Nxg4 43.hxg4 Rd2 44.Rexe4 Rxa2
45.Re5 Ra4  1/2-1/2

[Event "Tashkent"]
[Site "Tashkent"]
[Date "1987.??.??"]
[Round "?"]
[White "Yermolinsky, Alex"]
[Black "Epishin, Vladimir"]
[Result "1/2-1/2"]
[WhiteElo "2445"]
[BlackElo "2430"]

1.d4 Nf6 2.c4 e6 3.Nc3 Bb4 4.e3 d5 5.a3 Bxc3+ 6.bxc3 c5 7.cxd5 exd5 8.Bd3 O-O
9.Ne2 b6 10.O-O Ba6 11.f3 Re8 12.Ng3 Bxd3 13.Qxd3 Qc8 14.e4 Qa6 15.Qe3 Nc6
16.Nf5 g6 17.Qg5 Nh5 18.g4  1/2-1/2

[Event "Tashkent"]
[Site "Tashkent"]
[Date "1987.??.??"]
[Round "?"]
[White "Tseshkovsky, Vitaly"]
[Black "Yermolinsky, Alex"]
[Result "1-0"]
[WhiteElo "2485"]
[BlackElo "2445"]

1.e4 e6 2.d4 d5 3.Nc3 Bb4 4.e5 c5 5.a3 Bxc3+ 6.bxc3 Qc7 7.Qg4 f6 8.Nf3 c4
9.Be2 Qf7 10.Qh4 Ne7 11.exf6 gxf6 12.g4 h6 13.Rg1 Nbc6 14.Qg3 Bd7 15.Qc7 b6
16.h4 e5 17.dxe5 fxe5 18.Nxe5 Nxe5 19.Qxe5 O-O-O 20.Bf4 Kb7 21.O-O-O Ba4
22.Qc7+ Ka6 23.Be3 Rd7  1-0

[Event "Tashkent"]
[Site "Tashkent"]
[Date "1987.??.??"]
[Round "?"]
[White "Serper, Grigory"]
[Black "Yermolinsky, Alex"]
[Result "1/2-1/2"]
[WhiteElo "2450"]
[BlackElo "2445"]

1.e4 c5 2.Nc3 e6 3.Nge2 d5 4.exd5 exd5 5.d4 Nf6 6.Bg5 Be6 7.g3 Nc6 8.Bg2 cxd4
9.Nxd4 Bc5 10.Be3 Qb6 11.Na4 Qa5+ 12.Nc3 Bxd4 13.Bxd4 Nxd4 14.Qxd4 O-O 15.O-O Rac8
16.Rad1 Rc4 17.Qd2 Rfc8 18.Nxd5 Qxd2 19.Rxd2 Nxd5 20.Bxd5 Bxd5 21.Rxd5 Rxc2
22.Rfd1 g6 23.R1d2  1/2-1/2

[Event "Tashkent Hodzhaev"]
[Site "Tashkent"]
[Date "1987.??.??"]
[Round "?"]
[White "Timoshchenko, Gennadi A"]
[Black "Yermolinsky, Alex"]
[Result "0-1"]
[WhiteElo "2495"]
[BlackElo "2425"]

1.d4 Nf6 2.c4 c5 3.d5 b5 4.cxb5 a6 5.f3 e6 6.e4 exd5 7.e5 Qe7 8.Qe2 Ng8 9.Nc3 Bb7
10.Nh3 Qd8 11.Nf4 Ne7 12.bxa6 Nxa6 13.Nb5 Ng6 14.g3 Bc6 15.Nh5 Bxb5 16.Qxb5 Nxe5
17.Bh3 g6 18.Bf4 Bd6 19.O-O-O O-O 20.Rhe1 Nc7 21.Qf1 f6 22.Bh6 gxh5 23.Bxf8 Bxf8
24.f4 Rxa2 25.fxe5 Qb8 26.Qg2 Qb3 27.Bf5 Bh6+ 28.Kb1 Qa4  0-1

[Event "URS-ch otbor56"]
[Site "Blagoveshchensk"]
[Date "1988.??.??"]
[Round "?"]
[White "Kovalev, Andrei"]
[Black "Yermolinsky, Alex"]
[Result "1-0"]
[WhiteElo "2440"]
[BlackElo "2425"]

1.e4 c5 2.Nf3 d6 3.d4 cxd4 4.Nxd4 Nf6 5.Nc3 Nc6 6.Bg5 e6 7.Qd2 a6 8.O-O-O h6
9.Be3 Nxd4 10.Qxd4 Qc7 11.f4 b5 12.Be2 Bb7 13.Bf3 Be7 14.g4 Rc8 15.h4 e5
16.Qd3 b4 17.Nd5 Bxd5 18.exd5 exf4 19.Bd4 Qc4 20.Qxc4 Rxc4 21.b3 Rc8 22.g5 hxg5
23.hxg5 Rxh1 24.Rxh1 Ng8 25.Bg4 Rd8 26.Rh8 Kf8 27.g6 Bf6 28.Bb6 Re8 29.gxf7 Kxf7
30.Be6+ Kg6 31.Rxg8 Rxg8 32.Bxg8 Kf5 33.Kd2 Ke4 34.Ke2 g5 35.Be6 Bc3 36.Bg4 Kxd5
37.Bd8  1-0

[Event "URS-ch otbor56"]
[Site "Blagoveshchensk"]
[Date "1988.??.??"]
[Round "?"]
[White "Lukin, Andrei M"]
[Black "Yermolinsky, Alex"]
[Result "1/2-1/2"]
[WhiteElo "2430"]
[BlackElo "2425"]

1.e4 c5 2.Nf3 d6 3.d4 cxd4 4.Nxd4 Nf6 5.Nc3 a6 6.f4 e6 7.Be2 Be7 8.Be3 O-O
9.O-O Qc7 10.a4 Nc6 11.Kh1 Re8 12.Bf3 Rb8 13.Qe2 Bf8 14.Rad1 Bd7 15.Nb3 Na5
16.Nxa5 Qxa5 17.Qf2 Bc6 18.Bb6 Qb4 19.Rb1 Nd7 20.Be3 Nf6 21.Bb6 Nd7  1/2-1/2

[Event "URS-ch otbor56"]
[Site "Blagoveshchensk"]
[Date "1988.??.??"]
[Round "?"]
[White "Zhuravliov, Valerij"]
[Black "Yermolinsky, Alex"]
[Result "0-1"]
[WhiteElo "2375"]
[BlackElo "2425"]

1.e4 c5 2.f4 d5 3.exd5 Nf6 4.Bb5+ Nbd7 5.c4 a6 6.Bxd7+ Bxd7 7.Nf3 e6 8.Qe2 Be7
9.dxe6 Bxe6 10.O-O O-O 11.Nc3 Re8 12.Ne5 Nd7 13.Kh1 Nxe5 14.fxe5 Qd4 15.b3 Rad8
16.Qe4 Rd7 17.Qxd4 Rxd4 18.Re1 f6 19.Ne4 f5 20.Nf2 f4 21.Re2 Red8 22.a4 Bf5
23.Ra2 g5 24.h3 Kf7 25.Kg1 Ke6 26.Kf1 h5 27.Ke1 g4 28.Bb2 g3 29.Bxd4 cxd4
30.Kf1 gxf2 31.Rxf2 Kxe5 32.Ra1 Bd3+ 33.Kg1 Bh4 34.Rf3 Be2  0-1

[Event "Frunze"]
[Site "Frunze"]
[Date "1988.??.??"]
[Round "?"]
[White "Kozlov, V."]
[Black "Yermolinsky, Alex"]
[Result "1/2-1/2"]
[WhiteElo "2410"]
[BlackElo "2460"]

1.d4 d5 2.c4 dxc4 3.Nf3 c5 4.e3 cxd4 5.Qxd4 Qxd4 6.Nxd4 a6 7.Bxc4 Nf6 8.Nc3 e6
9.Be2 Bd7 10.Bd2 Nc6 11.Nxc6 Bxc6 12.O-O Bd6 13.Rfd1  1/2-1/2

[Event "Frunze"]
[Site "Frunze"]
[Date "1988.??.??"]
[Round "?"]
[White "Yermolinsky, Alex"]
[Black "Neverov, Valeriy"]
[Result "1-0"]
[WhiteElo "2460"]
[BlackElo "2440"]

1.c4 Nf6 2.Nc3 g6 3.e4 d6 4.d4 Bg7 5.Nf3 O-O 6.h3 c5 7.d5 e6 8.Bd3 exd5 9.cxd5 b5
10.Nxb5 Nxe4 11.Bxe4 Ba6 12.a4 Re8 13.Qc2 Qe7 14.O-O Bxb5 15.axb5 Qxe4 16.Re1 Qxe1+
17.Nxe1 Rxe1+ 18.Kh2 Nd7 19.Ra3 Be5+ 20.g3 Nb6 21.Re3 Rxe3 22.Bxe3 Re8 23.Qb3 h5
24.Kg2 Re7 25.Bg5 Rd7 26.Qa2 Kg7 27.Bd2 Rc7 28.Kf1 Re7 29.Ba5 Rb7 30.b4 cxb4
31.Bxb4 Nd7 32.f4 Bf6 33.Bxd6 Rxb5 34.Qxa7 Nb6 35.Qb8 Kh7 36.Qe8 Rxd5 37.Qxf7+ Bg7
38.Qe6 Rd1+ 39.Ke2 Rb1 40.f5 Rb2+ 41.Kd1  1-0

[Event "Frunze"]
[Site "Frunze"]
[Date "1988.??.??"]
[Round "?"]
[White "Yermolinsky, Alex"]
[Black "Dautov, Rustem"]
[Result "1/2-1/2"]
[WhiteElo "2460"]
[BlackElo "2525"]

1.e4 c6 2.Nc3 d5 3.Nf3 Bg4 4.h3 Bxf3 5.Qxf3 e6 6.d4 dxe4 7.Qxe4 Nf6 8.Qd3 Na6
9.a3 Nc7 10.g3 a5 11.Bg2 Ncd5 12.O-O Be7 13.b3 Nxc3 14.Qxc3 O-O 15.Qd3 Qd7
16.Bb2 b5 17.c4 Rab8 18.Qc2 bxc4 19.bxc4 a4 20.Rad1 Rfd8 21.Rd3 Qb7 22.Bc1 Qa6
23.Bf4 Rb7 24.Rfd1 h6 25.Bf1 Qa5 26.Bg2 Qa6 27.Bf3 Rbd7 28.h4 Rb7 29.Kg2 Rbd7
30.g4 Nh7 31.Bg3 Nf8 32.h5 Nh7 33.Kh2 Nf6 34.Kg2 Rb7 35.Be5 Rbd7 36.Bg3 Nh7
37.Kh2 Nf6 38.R1d2 Bd6 39.Be5 c5 40.Kg2 cxd4 41.Bxf6 gxf6 42.Rxd4 Qc8 43.Qxa4 Bf4
44.Rxd7 Bxd2 45.Rxd8+ Qxd8 46.c5 Kg7 47.Qe4 Ba5 48.Be2 Qd2 49.Bd3 f5 50.Qd4+ Kg8
51.c6 Qg5 52.Be2 fxg4 53.Qxg4 Qxg4+ 54.Bxg4 Kf8 55.Be2 Ke7 56.Ba6 Kd6 57.Bb7 Kc5
58.Kf3 Kb5 59.Ke4 Bc7 60.Kd4 Bd6 61.Kd3 Bc7 62.Kd4 Bd6 63.Ba8 Kb6  1/2-1/2

[Event "Frunze"]
[Site "Frunze"]
[Date "1988.??.??"]
[Round "?"]
[White "Yermolinsky, Alex"]
[Black "Chekhov, Valery A"]
[Result "1/2-1/2"]
[WhiteElo "2460"]
[BlackElo "2480"]

1.e4 e5 2.Nf3 Nf6 3.Nxe5 d6 4.Nf3 Nxe4 5.Qe2 Qe7 6.d3 Nf6 7.Bg5 Qxe2+ 8.Bxe2 Nbd7
9.Nc3 h6 10.Bf4 Be7 11.h3  1/2-1/2

[Event "Frunze"]
[Site "Frunze"]
[Date "1988.??.??"]
[Round "?"]
[White "Kruppa, Yuri"]
[Black "Yermolinsky, Alex"]
[Result "0-1"]
[WhiteElo "2435"]
[BlackElo "2460"]

1.e4 c5 2.Nf3 d6 3.d4 cxd4 4.Nxd4 Nf6 5.Nc3 Nc6 6.Bg5 e6 7.Nb3 a6 8.f4 h6
9.Bh4 Be7 10.Bf2 b5 11.a3 Bb7 12.Be2 Na5 13.Nd2 Rc8 14.O-O O-O 15.Bd3 e5
16.a4 b4 17.Ne2 d5 18.fxe5 Nxe4 19.Bd4 Nc4 20.Nf3 Bc5 21.Bxc5 Nxc5 22.Qe1 Ne3
23.Qxb4 Nxf1 24.Rxf1 a5 25.Qg4 Qb6 26.Ned4 Nxd3 27.cxd3 Ba6 28.Rd1 Rc2 29.h3 Rxb2
30.Kh2 Bc8 31.Qf4 Be6 32.Rc1 Rc8 33.Rxc8+ Bxc8 34.Qc1 Be6 35.Qc3 Ra2  0-1

[Event "Frunze"]
[Site "Frunze"]
[Date "1988.??.??"]
[Round "?"]
[White "Serper, Grigory"]
[Black "Yermolinsky, Alex"]
[Result "1/2-1/2"]
[WhiteElo "2435"]
[BlackElo "2460"]

1.e4 e6 2.d4 d5 3.exd5 exd5 4.Nf3 Nf6 5.Bg5 Be7 6.Bd3 Bg4 7.Nbd2 Nc6 8.c3 O-O
9.O-O Bh5 10.Qc2 Bg6 11.Rae1 Qd7 12.Ne5 Nxe5 13.Rxe5 Rae8 14.Rfe1 Bd6 15.Rxe8 Rxe8
16.Rxe8+ Qxe8  1/2-1/2

[Event "Frunze"]
[Site "Frunze"]
[Date "1988.??.??"]
[Round "?"]
[White "Yermolinsky, Alex"]
[Black "Klovans, Janis"]
[Result "1/2-1/2"]
[WhiteElo "2460"]
[BlackElo "2400"]

1.d4 d5 2.c4 e6 3.Nc3 Be7 4.Nf3 Nf6 5.Bg5 h6 6.Bxf6 Bxf6 7.e3 O-O 8.Qd2 Nc6
9.Rd1 b6 10.Be2 Bb7 11.O-O dxc4 12.Bxc4 Na5 13.Be2 c5 14.dxc5 Qxd2 15.Rxd2 bxc5
16.Rc1 Rab8 17.b3 c4 18.bxc4 Rfc8 19.Rdc2 Nxc4 20.Nb5 Bxf3 21.Rxc4 Rxc4 22.Bxc4 Bd5
23.Bxd5 exd5 24.Nxa7 Rb2 25.g3 d4 26.a4 Ra2 27.Nc6 dxe3 28.fxe3 Rxa4  1/2-1/2

[Event "URS-FL56"]
[Site "Simferopol"]
[Date "1988.??.??"]
[Round "?"]
[White "Yermolinsky, Alex"]
[Black "Tukmakov, Vladimir B"]
[Result "0-1"]
[WhiteElo "2460"]
[BlackElo "2590"]

1.e4 c5 2.Nf3 d6 3.d4 cxd4 4.Nxd4 Nf6 5.Nc3 Nc6 6.Bg5 e6 7.Qd2 Be7 8.O-O-O O-O
9.Nb3 a6 10.Bxf6 gxf6 11.f4 b5 12.f5 Kh8 13.g3 b4 14.Ne2 e5 15.g4 a5 16.Qh6 Rg8
17.Ng3 a4 18.Nd2 b3 19.axb3 d5 20.exd5 a3 21.Kb1 axb2 22.Bb5 Nd4 23.Ba4 Qc7
24.Nc4 Rxa4 25.Rxd4 Ra8 26.Rdd1 Rxg4 27.d6 Qa7 28.Kxb2 Rxc4  0-1